000 01093cam a22002774a 4500
001 13031053
005 20241214134401.0
008 021216s2004 maua 001 0 eng
020 _a9780072438109
050 0 0 _aQM25
_b.L33 2004
082 0 0 _a611
_221
245 0 0 _aLaboratory atlas of anatomy and physiology /
_cDouglas J. Eder, Shari Lewis Kaminsky, John W. Bertram [editors].
250 _a4th ed.
260 _aBoston :
_bMcGraw-Hill Higher Education,
_cc2004.
300 _avi, 182 p. :
_bcol. ill. ;
_c28 cm.
500 _aPrevious ed. cataloged under: Eder, Douglas J.
500 _aIncludes index.
650 0 _aHuman anatomy
_vAtlases.
650 0 _aHuman physiology
_vAtlases.
700 1 _aEder, Douglas J.
700 1 _aBertram, John W.
856 4 2 _3Publisher description
_uhttp://www.loc.gov/catdir/description/mh031/2002155909.html
856 4 1 _3Table of contents
_uhttp://www.loc.gov/catdir/toc/mh031/2002155909.html
856 4 2 _3Contributor biographical information
_uhttp://www.loc.gov/catdir/enhancements/fy0735/2002155909-b.html
942 _2lcc
_cBK
_e4th ed.
_n0
999 _c2218
_d2218